|
|
|
|
| LEADER |
01002nam a2200265 a 4500 |
| 001 |
1178893 |
| 008 |
100706s2004 nyu b 001 0 eng d |
| 010 |
|
|
|a 97001905
|
| 020 |
|
|
|a 9788126518616
|
| 020 |
|
|
|a 9971512254
|
| 020 |
|
|
|a 0471104264 (cloth : alk. paper)
|
| 040 |
|
|
|a DLC
|c DLC
|d DLC
|d DB-DhAAL
|
| 082 |
0 |
0 |
|a 005.13/3
|2 21
|
| 100 |
1 |
|
|a Ghezzi, Carlo.
|
| 245 |
1 |
0 |
|a Programming language concepts /
|c Carlo Ghezzi, Mehdi Jazayeri.
|
| 250 |
|
|
|a 3rd ed.
|
| 260 |
|
|
|a New York :
|b John Wiley & Sons,
|c c2004.
|
| 300 |
|
|
|a xix, 427 p. ;
|c 24 cm.
|
| 504 |
|
|
|a Includes bibliographical references (p. 411-418) and index.
|
| 541 |
1 |
|
|e 00020594
|
| 650 |
|
0 |
|a Programming languages (Electronic computers)
|
| 700 |
1 |
|
|a Jazayeri, Mehdi.
|
| 852 |
4 |
|
|a Ayesha Abed Library
|j General Shelf.
|
| 999 |
|
|
|c 9186
|d 9186
|
| 952 |
|
|
|0 0
|1 0
|2 ddc
|4 0
|6 005_133000000000000_GHE_2004
|7 0
|9 11578
|a BRACUL
|b BRACUL
|c GEN
|d 2010-07-07
|g 418.60
|l 12
|m 123
|o 005.133 GHE
|p 3010020594
|q 2026-06-02
|r 2026-01-26
|s 2026-01-26
|t 1
|w 2010-07-07
|y BK
|